Kde žijú sny FC Barcelona Stadiums est 1899
| Main Authors: | , |
|---|---|
| Format: | Book |
| Language: | Slovak Hungarian Polish English |
| Published: |
[Trnava]
Sport legal
2019
|
| Subjects: |
MARC
| LEADER | 00000nam a2200000 4500 | ||
|---|---|---|---|
| 001 | vtls011925560 | ||
| 003 | SK-MaSNL | ||
| 005 | 20260301102808.0 | ||
| 008 | 220509s2019 xo o gr 000 0 slo | ||
| 015 | |a SNBA2021/03 | ||
| 020 | |a 9788089920075 |q (viazané) | ||
| 035 | |a urn:nbn:sk:snk-am00gdw4 | ||
| 035 | |a urn:nbn:sk:snk-am3j64a | ||
| 035 | |a 895A9A8F-DA00-4D3D-A0D2-9B8BD78DB0E1 | ||
| 040 | |a SNK |b slo |c SNK |e rda | ||
| 041 | 0 | |a slo |a hun |a pol |a eng | |
| 044 | |a xo |c SK | ||
| 072 | 7 | |a 796 |x Šport. Hry. Telesné cvičenia |2 konspekt | |
| 080 | |a 796.332:061 |2 2001 | ||
| 080 | |a 796.332 |2 2011 | ||
| 080 | |a (084.12) |2 2011 | ||
| 100 | 1 | |a Šefčík, Július |4 aut |9 439118 | |
| 245 | 1 | 0 | |a Kde žijú sny |b FC Barcelona Stadiums est 1899 |c Július Šefčík, Jaume Sobrequés I Callicó |
| 246 | 3 | 1 | |a Ahol az álmok születnek |
| 246 | 3 | 1 | |a Gdzie marzenia żyją |
| 246 | 3 | 1 | |a Where dreams live |
| 246 | 3 | 3 | |a FC Barcelona Stadiums est 1899 |
| 264 | 1 | |a [Trnava] |b Sport legal |c 2019 | |
| 300 | |a 151 strán |b fotografie |c 23 x 30 cm | ||
| 336 | |a text |b txt |2 rdacontent | ||
| 336 | |a statický obraz |b sti |2 rdacontent | ||
| 337 | |a bez média |b n |2 rdamedia | ||
| 338 | |a zväzok |b nc |2 rdacarrier | ||
| 546 | |a Súbežný názov a text v maďarčine a poľštine | ||
| 610 | 2 | 7 | |a Futbol Club Barcelona |2 SNKKA |9 439119 |
| 648 | 7 | |a 1899 |2 SNKPH |9 282728 | |
| 650 | 0 | 7 | |a futbalové kluby |2 SNKPH |9 70395 |
| 650 | 0 | 7 | |a futbal |2 SNKPH |9 3291 |
| 650 | 0 | 7 | |a Soccer clubs |2 SNKPHeng |9 313583 |
| 650 | 0 | 7 | |a Football |2 SNKPHeng |9 315473 |
| 655 | 7 | |a fotografické publikácie |2 SNKPH |9 70483 | |
| 655 | 7 | |a Photographic publication |2 SNKPHeng |9 266858 | |
| 700 | 1 | |a Sobrequés I Callicó, Jaume |4 aut |9 439120 | |
| 919 | |a 978-80-89920-07-5 | ||
| 958 | |a PL | ||
| 958 | |a HU | ||
| 999 | |c 693113 |d 695043 | ||
| 952 | |a SNK |b SNK |y PREZ |7 0 |p 17A1418064 |o snkSC 188415 |i snk2020/7005 |8 0 |0 0 |1 0 |4 0 |d 2020-03-25 |f 1 |l 0 |r 2025-10-06 00:00:00 |w 2026-02-23 | ||
| 952 | |a SNK |b SNK |y VYP |7 0 |p 17A1418065 |o snkSC 188415 D1 |i snk2020/7006 |8 0 |0 0 |1 0 |4 0 |d 2020-03-25 |l 0 |r 2026-02-23 20:33:08 |w 2026-02-23 | ||


